000 00406nam a2200145Ia 4500
008 240126s9999 xx 000 0 und d
041 _aEnglish
082 _aBHM
245 0 _aFood & Beverage Business Review (2005 -
260 _bRajneesh Sharma, Hammer
_aNew Delhi
440 _aNULL
650 _aFood,Beverage,Business,Review,(2005,-,Management,Hotel
650 _aManagement, Hotel
942 _cJN
999 _c283451
_d283451